000 00313nam a22001457a 4500
008 221010b ||||| |||| 00| 0 eng d
020 _a013110201X
041 _aeng
080 _2fifth edition
_a7
082 _a7 LON
100 _a21.2
101 _aART
245 _aPHOTOGRAPHY
_cLONDON B
942 _2udc
_cBK
999 _c58424
_d58424